[Event "Bay Area International"]
[Site "?"]
[Date "2014.01.05"]
[Round "5"]
[White "Bryant, John"]
[Black "Shiqun, Ni"]
[Result "1/2-1/2"]
[WhiteElo "2410"]
[BlackElo "2299"]
[PlyCount "79"]
[EventDate "2014.??.??"]

1. e4 e5 2. Nf3 Nf6 3. Nxe5 d6 4. Nf3 Nxe4 5. d3 Nf6 6. d4 g6 7. Bg5 Bg7 8.
Qe2+ Qe7 9. Qxe7+ Kxe7 10. Nc3 Be6 11. d5 Bg4 12. O-O-O h6 13. Re1+ Kd8 14. Be3
Bxf3 15. gxf3 Nbd7 16. h4 Nb6 17. Rd1 Nh5 18. Nb1 Be5 19. c4 a5 20. Nc3 Kd7 21.
Nb5 Nc8 22. Bh3+ Kd8 23. Kc2 Nf4 24. Bf1 Ne7 25. Re1 Nf5 26. Bd2 c6 27. Re4
cxb5 28. Bxf4 Bxf4 29. Rxf4 bxc4 30. Bh3 Re8 31. Bxf5 gxf5 32. Rxf5 Re2+ 33.
Kc3 Ke7 34. a4 Rg8 35. Rb1 Rxf2 36. Re1+ Kf8 37. Re6 Rgg2 38. Ref6 Rc2+ 39. Kd4
Rgd2+ 40. Ke3 1/2-1/2

[Event "Bay Area International"]
[Site "?"]
[Date "2014.01.05"]
[Round "5"]
[White "Cao, Jason"]
[Black "Chevannes, Sabrina"]
[Result "1-0"]
[WhiteElo "2151"]
[BlackElo "2176"]
[PlyCount "97"]
[EventDate "2014.??.??"]

1. e4 c6 2. d4 d5 3. e5 Bf5 4. Nf3 e6 5. Be2 c5 6. Be3 cxd4 7. Nxd4 Ne7 8. c4
Nbc6 9. Qa4 a6 10. Na3 Rc8 11. O-O Qd7 12. cxd5 Nxd4 13. Qxd7+ Kxd7 14. Bxd4
Nxd5 15. Nc4 b5 16. Ne3 Nxe3 17. Bxe3 Bc5 18. a4 Bxe3 19. fxe3 Rc2 20. Rf2 bxa4
21. e4 Bxe4 22. Rxf7+ Ke8 23. Rf2 Rf8 24. Bh5+ g6 25. Rxc2 Bxc2 26. Rc1 Bd3 27.
Rc8+ Ke7 28. Rxf8 Kxf8 29. Bd1 Bb5 30. Kf2 Kf7 31. Ke3 g5 32. Bc2 h6 33. Kd4 h5
34. g3 Kg7 35. Kc5 h4 36. Kd6 Kf7 37. Bd1 Bc4 38. Bxa4 hxg3 39. hxg3 Kg6 40.
Bc2+ Kh5 41. Bd1+ Kg6 42. Bg4 Kf7 43. b4 Bb3 44. Bh5+ Kg7 45. Ke7 Bc4 46. Bg4
Kg6 47. Bxe6 Be2 48. Bd7 Kh5 49. Kd6 1-0

[Event "Bay Area International"]
[Site "?"]
[Date "2014.01.05"]
[Round "5"]
[White "Chen, Wang"]
[Black "Ipatov, Alexander"]
[Result "1/2-1/2"]
[WhiteElo "2507"]
[BlackElo "2615"]
[PlyCount "26"]
[EventDate "2014.??.??"]

1. e4 c6 2. Nc3 d5 3. Nf3 g6 4. d4 Bg7 5. h3 Nh6 6. Bd3 f6 7. O-O Nf7 8. Ne2
Na6 9. exd5 cxd5 10. c4 O-O 11. Bd2 Nc7 12. Qb3 dxc4 13. Bxc4 b5 1/2-1/2

[Event "Bay Area International"]
[Site "?"]
[Date "2014.01.05"]
[Round "5"]
[White "Coraretti, Benjamin"]
[Black "Studen, Damir"]
[Result "1/2-1/2"]
[WhiteElo "2170"]
[BlackElo "2285"]
[PlyCount "136"]
[EventDate "1.??.??"]

1. d4 d5 2. c4 c6 3. Nf3 Nf6 4. e3 e6 5. Nbd2 Nbd7 6. Bd3 Bd6 7. O-O O-O 8. e4
e5 9. cxd5 cxd5 10. exd5 exd4 11. Ne4 Nxe4 12. Bxe4 Nf6 13. Bg5 Be7 14. Bxf6
Bxf6 15. Nxd4 Qb6 16. Nb3 a5 17. Rb1 g6 18. Qf3 Be5 19. Nd2 Qd6 20. g3 b5 21.
Rfc1 Bb7 22. Qd3 Qb6 23. a4 bxa4 24. Nc4 Qf6 25. Nxe5 Qxe5 26. Bg2 Rfd8 27. Rd1
Rd6 28. Rd2 Ba6 29. Qa3 Re8 30. h4 Bb5 31. Qc5 Rb8 32. Qc3 Qe8 33. Qxa5 Rc8 34.
Qb4 Qd7 35. Rd4 Rf6 36. Qd2 Qd6 37. Rc1 Re8 38. Re1 Rc8 39. Rc1 Re8 40. Bf1
Bxf1 41. Rxf1 Ra8 42. Ra1 Rf5 43. Raxa4 Rxa4 44. Rxa4 Rxd5 45. Ra8+ Kg7 46.
Qc3+ Qe5 47. Qxe5+ Rxe5 48. Rb8 Re2 49. Kg2 h5 50. Kf3 Rc2 51. b4 Rb2 52. b5
Kf6 53. b6 Kf5 54. Ke3 f6 55. Kd4 Rxf2 56. Ra8 Rb2 57. Kc5 Rc2+ 58. Kd6 Rb2 59.
Kc7 Kg4 60. Rg8 Kxg3 61. Rxg6+ Kxh4 62. Rxf6 Kg5 63. Rc6 h4 64. b7 Rxb7+ 65.
Kxb7 h3 66. Rc8 Kg4 67. Kc6 h2 68. Rh8 Kg3 1/2-1/2

[Event "Bay Area International"]
[Site "?"]
[Date "2014.01.05"]
[Round "5"]
[White "Cornejo, Max"]
[Black "Shivaji, Shivkumar"]
[Result "1-0"]
[WhiteElo "2365"]
[BlackElo "2273"]
[PlyCount "57"]
[EventDate "2014.??.??"]

1. e4 e6 2. d4 d5 3. Nd2 c5 4. exd5 Qxd5 5. Ngf3 cxd4 6. Bc4 Qd7 7. Nb3 Nc6 8.
Nbxd4 Nxd4 9. Nxd4 a6 10. O-O Nf6 11. Re1 Be7 12. Bf4 b5 13. Bb3 Bb7 14. c3 Bd5
15. Qe2 O-O 16. Rad1 Rfd8 17. Be5 Qb7 18. Bxd5 Rxd5 19. Rd3 Rad8 20. Rg3 Kf8
21. Qd3 h6 22. h3 Qc8 23. Rf3 Qc5 24. Bxf6 Bxf6 25. Qh7 Re5 26. Rxe5 Qxe5 27.
Qh8+ Ke7 28. Nc6+ Kd6 29. Nxe5 1-0

[Event "Bay Area International"]
[Site "?"]
[Date "2014.01.05"]
[Round "5"]
[White "Evans, Bela"]
[Black "Mackenzie, Dana"]
[Result "0-1"]
[WhiteElo "2243"]
[BlackElo "2068"]
[PlyCount "118"]
[EventDate "2014.??.??"]

1. e3 Nf6 2. b3 Nc6 3. Bb2 e5 4. c4 d6 5. d3 Be7 6. a3 O-O 7. Nd2 Ne8 8. g3 f5
9. Ne2 Bf6 10. Qc2 Ne7 11. Bg2 c6 12. O-O Be6 13. b4 Qd7 14. a4 Rc8 15. f4 g5
16. Nf3 g4 17. Nd2 Ng6 18. Nb3 Ng7 19. Rac1 h5 20. Rfd1 h4 21. d4 e4 22. c5
Bxb3 23. Qxb3+ d5 24. b5 Kf7 25. Rb1 Rh8 26. Bc3 hxg3 27. hxg3 Nh5 28. bxc6
bxc6 29. Ba5 Bd8 30. Qb7 Bc7 31. Qxa7 Ke6 32. Bxc7 Rxc7 33. Qb6 Ra7 34. Qb3
Rha8 35. Ra1 Ra5 36. Ra2 Qa7 37. Rda1 Rb8 38. Qc3 Ne7 39. Kf2 Ng8 40. Nc1 Ra8
41. Nb3 Ra6 42. Bf1 Qh7 43. a5 Ngf6 44. Bg2 Rh8 45. Rh1 Ra7 46. a6 Qg7 47. Raa1
Rha8 48. Bf1 Qg6 49. Na5 Rh7 50. Rg1 Nxg3 51. Rxg3 Rh2+ 52. Rg2 g3+ 53. Ke1
Rxa6 54. Bxa6 Rxg2 55. Nxc6 Qh5 56. Bf1 Rf2 57. Ra7 Ng4 58. Qa5 Rxf1+ 59. Kxf1
Nxe3+ 0-1

[Event "Bay Area International"]
[Site "?"]
[Date "2014.01.05"]
[Round "5"]
[White "Gurevich, Daniel"]
[Black "Iyengar, Udit"]
[Result "1-0"]
[WhiteElo "2272"]
[BlackElo "2031"]
[PlyCount "67"]
[EventDate "2014.??.??"]

1. e4 c5 2. Nf3 e6 3. Nc3 d6 4. d4 cxd4 5. Nxd4 Nf6 6. g4 e5 7. Nf5 h5 8. Bg5
hxg4 9. Nd5 Bxf5 10. Bxf6 gxf6 11. exf5 Nc6 12. Bg2 Qa5+ 13. c3 Be7 14. b4 Qd8
15. Qxg4 Rc8 16. Rd1 Nb8 17. h4 Nd7 18. Qg7 Rf8 19. h5 Nb6 20. h6 Nxd5 21. Bxd5
Kd7 22. Bxf7 Rxc3 23. Be6+ Kc6 24. h7 Rh8 25. Bg8 Rc2 26. Qxh8 Qb6 27. Bd5+ Kc7
28. Qc8+ Kxc8 29. h8=Q+ Bd8 30. O-O Kb8 31. Rc1 Rd2 32. Be6 a6 33. Rc8+ Ka7 34.
Qxd8 1-0

[Event "Bay Area International"]
[Site "?"]
[Date "2014.01.05"]
[Round "5"]
[White "Hendrickson, Nolan"]
[Black "Betaneli, Alex"]
[Result "1-0"]
[WhiteElo "2145"]
[BlackElo "2250"]
[PlyCount "126"]
[EventDate "2014.??.??"]

1. e4 b6 2. d4 Bb7 3. Bd3 e6 4. Nf3 g6 5. h4 h6 6. Qe2 Bg7 7. Nc3 Ne7 8. Bf4 d6
9. O-O-O a6 10. h5 g5 11. Be3 Nd7 12. e5 d5 13. Nb1 c5 14. c3 Nc6 15. Nbd2 b5
16. Kb1 Qe7 17. Ka1 c4 18. Bb1 Nb6 19. Nf1 b4 20. Qd2 a5 21. Nxg5 bxc3 22. bxc3
hxg5 23. h6 Rxh6 24. Bxg5 Rxh1 25. Bxe7 Nxe7 26. Ne3 Rxd1 27. Qxd1 O-O-O 28.
Qh5 Bf8 29. Qxf7 Na4 30. Qxe6+ Kc7 31. Nd1 Bc8 32. Qf7 Kb8 33. Bc2 Nb6 34. Ne3
Nc6 35. f4 Ba3 36. Qf6 Kb7 37. Kb1 Bd7 38. f5 Ka8 39. Ka1 Rb8 40. Nd1 Be7 41.
Qg7 Bf8 42. Qh7 Rb7 43. g4 Ba3 44. g5 Ka7 45. g6 Na4 46. g7 Nxc3 47. g8=Q Nxd1
48. Bxd1 Bb2+ 49. Kb1 Bxd4+ 50. Kc2 Nxe5 51. Kd2 c3+ 52. Ke1 Nd3+ 53. Kf1 Nf4
54. Ke1 Nd3+ 55. Ke2 Rb2+ 56. Kf3 Rf2+ 57. Kg3 Be5+ 58. Kg4 Rg2+ 59. Kf3 Ne1+
60. Ke3 d4+ 61. Ke4 Rxg8 62. Qxd7+ Kb8 63. Qb5+ Kc8 1-0

[Event "Bay Area International"]
[Site "?"]
[Date "2014.01.05"]
[Round "5"]
[White "Kiewra, Keaton"]
[Black "Remlinger, Larry"]
[Result "1/2-1/2"]
[WhiteElo "2413"]
[BlackElo "2304"]
[PlyCount "98"]
[EventDate "2014.??.??"]

1. Nf3 Nf6 2. c4 g6 3. Nc3 Bg7 4. e4 d6 5. d4 O-O 6. h3 e5 7. dxe5 dxe5 8. Qxd8
Rxd8 9. Bg5 c6 10. Nxe5 h6 11. Bxf6 Bxf6 12. Ng4 Bg7 13. Rd1 Re8 14. f3 Nd7 15.
Kf2 Nc5 16. Ne3 h5 17. g4 h4 18. Rd2 a5 19. Bg2 a4 20. Re1 f5 21. gxf5 gxf5 22.
exf5 Bh6 23. Ne4 Bxf5 24. Nf6+ Kf8 25. Nxe8 Rxe8 26. Nxf5 Bxd2 27. Rd1 Bg5 28.
f4 Bxf4 29. Nxh4 Kf7 30. Kf3 Be5 31. Rd2 Kf6 32. Bf1 Rh8 33. Kg4 Rg8+ 34. Kf3
Rh8 35. Kg4 Ne4 36. Re2 Rg8+ 37. Kf3 Ng3 38. Re1 Nxf1 39. Rxf1 Bxb2 40. Ke4+
Ke6 41. Rf2 a3 42. Rg2 Rh8 43. Ng6 Rh6 44. Nf4+ Kd7 45. Rg3 b6 46. Rg4 Rd6 47.
Nd3 Rh6 48. Nf4 Rd6 49. Nd3 Rh6 1/2-1/2

[Event "Bay Area International"]
[Site "?"]
[Date "2014.01.05"]
[Round "5"]
[White "Klotz-Burwell, Hunter"]
[Black "Haessel, Dale"]
[Result "0-1"]
[WhiteElo "2006"]
[BlackElo "2211"]
[PlyCount "64"]
[EventDate "2014.??.??"]

1. e4 e5 2. Nf3 Nc6 3. Bc4 Bc5 4. Nc3 Nf6 5. d3 d6 6. Bg5 Na5 7. Nd5 Nxc4 8.
dxc4 Bxf2+ 9. Kf1 Bb6 10. Nxe5 Nxd5 11. Qh5 Ne3+ 12. Ke1 Nxg2+ 13. Kf1 Ne3+ 14.
Ke1 Nxc2+ 15. Ke2 Nd4+ 16. Kd3 Qxg5 17. Qxg5 Ne6 18. Qg3 dxe5 19. Qxe5 Bd4 20.
Qa5 b6 21. Qd2 Bb7 22. Rae1 O-O-O 23. Kc2 Rhe8 24. Kb1 Nc5 25. Rhf1 Bxe4+ 26.
Rxe4 Rxe4 27. a3 Bf6 28. Qg2 Kb8 29. Qc2 Rde8 30. Rf2 Re1+ 31. Ka2 R8e3 32. Rd2
Nb3 0-1

[Event "Bay Area International"]
[Site "?"]
[Date "2014.01.05"]
[Round "5"]
[White "Liou, Yian"]
[Black "Manvelyan, Hayk"]
[Result "1-0"]
[WhiteElo "2391"]
[BlackElo "2282"]
[PlyCount "37"]
[EventDate "2014.??.??"]

1. e4 e5 2. Nf3 Nc6 3. Bc4 Bc5 4. c3 Nge7 5. O-O O-O 6. d4 exd4 7. cxd4 Bb6 8.
d5 Nb8 9. d6 cxd6 10. Qxd6 Bc7 11. Qc5 d6 12. Qh5 Qe8 13. Nc3 Nd7 14. Bg5 Nc6
15. Nd5 Ba5 16. Qh4 Nde5 17. Nf6+ gxf6 18. Bxf6 Nxf3+ 19. gxf3 1-0

[Event "Bay Area International"]
[Site "?"]
[Date "2014.01.05"]
[Round "5"]
[White "Macieja, Bartlomiej"]
[Black "Margvelashvili, Giorgi"]
[Result "1-0"]
[WhiteElo "2583"]
[BlackElo "2555"]
[PlyCount "99"]
[EventDate "2014.??.??"]

1. e4 c5 2. Nf3 d6 3. d4 cxd4 4. Qxd4 Nc6 5. Bb5 Bd7 6. Qd3 g6 7. c4 Nf6 8. Nc3
Bg7 9. O-O O-O 10. h3 Rc8 11. Be3 Nb4 12. Qe2 a6 13. Bxd7 Nxd7 14. Rac1 Bxc3
15. Rxc3 Nxa2 16. Rb3 Nc5 17. Bxc5 dxc5 18. Rxb7 Rc7 19. Rxc7 Qxc7 20. Qd2 Nb4
21. Rd1 Nc6 22. Qh6 f6 23. Qe3 Qb6 24. e5 Nd4 25. exf6 exf6 26. Nxd4 Rd8 27.
Qe7 Qd6 28. Qxd6 Rxd6 29. Kf1 cxd4 30. c5 Rd5 31. b4 d3 32. Ke1 Rd4 33. Kd2
Rxb4 34. Kxd3 Kf7 35. Re1 a5 36. c6 Rb6 37. Rc1 Rb8 38. Kc4 Ke7 39. c7 Rf8 40.
Kb5 Kd7 41. Kxa5 Kc8 42. Kb6 Re8 43. Rc6 Re2 44. Rxf6 Rb2+ 45. Kc6 Rc2+ 46. Kd6
Rd2+ 47. Ke7 Kxc7 48. h4 Re2+ 49. Kf8 Kd7 50. Kg7 1-0

[Event "Bay Area International"]
[Site "?"]
[Date "2014.01.05"]
[Round "5"]
[White "Piasetski, Leon"]
[Black "Shen, Victor"]
[Result "1/2-1/2"]
[WhiteElo "2289"]
[BlackElo "2424"]
[PlyCount "84"]
[EventDate "2014.??.??"]

1. Nf3 Nf6 2. c4 e6 3. g3 d5 4. Bg2 Be7 5. O-O O-O 6. d4 c6 7. Qc2 b6 8. Nbd2
Bb7 9. b3 Na6 10. e4 Nb4 11. Qb1 dxe4 12. Nxe4 c5 13. Nxf6+ Bxf6 14. Ng5 Bxg5
15. Bxb7 Rb8 16. Bxg5 Qxg5 17. Be4 f5 18. Bg2 cxd4 19. Qe1 Qe7 20. Qd2 Rbd8 21.
Rfe1 Qd6 22. f4 Na6 23. Re5 Nc7 24. Rae1 Kh8 25. h3 Qe7 26. Kh2 Qf6 27. c5 bxc5
28. Qa5 Nd5 29. Rxe6 Qf7 30. Qxc5 Ne3 31. Re7 Qf6 32. Re2 a6 33. Rd2 h6 34. Qe5
Qxe5 35. Rxe5 Kg8 36. Kg1 Kf7 37. Bf3 g5 38. Kf2 Rd6 39. Be2 gxf4 40. gxf4 Rc8
41. Kf3 Rf6 42. Ra5 h5 1/2-1/2

[Event "Bay Area International"]
[Site "?"]
[Date "2014.01.05"]
[Round "5"]
[White "Sevian, Samuel"]
[Black "Roiz, Michael"]
[Result "0-1"]
[WhiteElo "2401"]
[BlackElo "2614"]
[PlyCount "124"]
[EventDate "2014.??.??"]

1. e4 c6 2. d4 d5 3. Nc3 dxe4 4. Nxe4 Bf5 5. Ng3 Bg6 6. Bc4 e6 7. N1e2 Nd7 8.
Nf4 Bd6 9. h4 Qc7 10. Nxg6 hxg6 11. Ne4 Bf4 12. g3 Bxc1 13. Qxc1 Ngf6 14. Nxf6+
gxf6 15. Qe3 O-O-O 16. O-O-O f5 17. Be2 Nf6 18. Bf3 Rd7 19. Qe5 Qxe5 20. dxe5
Rxd1+ 21. Rxd1 Nd7 22. Re1 Kd8 23. Bd1 f4 24. Re4 fxg3 25. fxg3 Ke7 26. Bf3 a5
27. Re3 a4 28. Kd2 Rg8 29. Re4 Ra8 30. Ke3 Ra5 31. Kf4 Rc5 32. c3 a3 33. bxa3
Rxc3 34. g4 Rxa3 35. h5 g5+ 36. Kg3 Rxa2 37. h6 Ra8 38. Rb4 Nxe5 39. Rxb7+ Kf6
40. h7 Rh8 41. Be4 Ng6 42. Bxc6 Rxh7 43. Be4 Rh8 44. Rb1 Ne5 45. Rf1+ Ke7 46.
Bc2 Rc8 47. Bd1 Rc1 48. Kg2 Ra1 49. Kf2 Kd6 50. Kg2 Kc5 51. Rh1 Nc4 52. Kf2 Ne5
53. Kg2 Nd3 54. Rf1 Kd4 55. Kg3 Nb2 56. Be2 Rxf1 57. Bxf1 Nd3 58. Be2 e5 59.
Bd1 e4 60. Kg2 Ke3 61. Bb3 Kd2 62. Bxf7 e3 0-1

[Event "Bay Area International"]
[Site "?"]
[Date "2014.01.05"]
[Round "5"]
[White "Taghizadeh, Rayan"]
[Black "Breckenridge, Steven"]
[Result "0-1"]
[WhiteElo "1967"]
[BlackElo "2342"]
[PlyCount "64"]
[EventDate "2014.??.??"]

1. e4 e5 2. Nf3 Nc6 3. Bc4 Bc5 4. O-O Nf6 5. d3 a6 6. c3 Ba7 7. Nbd2 d6 8. Bb3
Be6 9. Re1 Qd7 10. Nf1 O-O-O 11. a4 d5 12. Qc2 h6 13. Be3 d4 14. Bxe6 fxe6 15.
cxd4 Bxd4 16. Bxd4 Nxd4 17. Nxd4 Qxd4 18. Qb3 Rd6 19. Rac1 Qxd3 20. Qb4 Qd4 21.
Rc4 Qb6 22. Qc3 Rd4 23. a5 Qd6 24. Rc1 Rxc4 25. Qxc4 Rd8 26. h3 Qe7 27. Ng3 Rd4
28. Qe2 Qb4 29. Qc2 Qxa5 30. Qb3 Rd6 31. Qf3 Qd2 32. Rf1 Rd3 0-1

[Event "Bay Area International"]
[Site "?"]
[Date "2014.01.05"]
[Round "5"]
[White "Viswanadha, Kesav"]
[Black "Vovsha, Eli"]
[Result "1/2-1/2"]
[WhiteElo "2153"]
[BlackElo "2483"]
[PlyCount "229"]
[EventDate "2014.??.??"]

1. d4 Nf6 2. c4 g6 3. g3 Bg7 4. Bg2 d5 5. cxd5 Nxd5 6. Nf3 Nb6 7. Nc3 Nc6 8. e3
O-O 9. O-O Be6 10. Nd2 f5 11. Nb3 Bc4 12. Re1 e5 13. d5 Nb4 14. Nc5 Qe7 15.
Nxb7 Nd3 16. d6 cxd6 17. Na5 e4 18. Nxc4 Nxc4 19. Rf1 Bxc3 20. bxc3 Rab8 21.
Qc2 d5 22. Rd1 Qc5 23. Rb1 Rxb1 24. Qxb1 Qb6 25. Qxb6 Nxb6 26. Bf1 Kf7 27. Bxd3
exd3 28. Rxd3 Ke6 29. Ba3 Rc8 30. Kf1 Nc4 31. Bc1 Rb8 32. Ke2 Rb1 33. Rd1 Ra1
34. a3 a5 35. h4 a4 36. Rf1 Ra2+ 37. Kd3 Ra1 38. Ke2 Ke5 39. f3 Ra2+ 40. Kd3
Rg2 41. h5 Rxg3 42. hxg6 hxg6 43. Ke2 Rg2+ 44. Kd3 Na5 45. c4 Nxc4 46. Kc3 Nb6
47. Kb4 Rc2 48. e4 dxe4 49. fxe4 Kxe4 50. Kb5 Nd7 51. Kxa4 Nc5+ 52. Kb5 Nd3 53.
Bh6 f4 54. a4 f3 55. a5 f2 56. a6 Kf3 57. a7 Ra2 58. Kb6 Kg2 59. Rd1 f1=Q 60.
Rxf1 Kxf1 61. Kb7 Nc5+ 62. Kb8 Nd7+ 63. Kb7 Rb2+ 64. Kc8 Nb6+ 65. Kb7 Ke2 66.
Bg5 Kf3 67. Bd8 Nd7+ 68. Kc8 Ra2 69. Kb7 Nc5+ 70. Kb8 Ne6 71. Be7 Rb2+ 72. Kc8
Rc2+ 73. Kb8 Rb2+ 74. Kc8 Ra2 75. Kb8 Nc7 76. Bd8 Na6+ 77. Kb7 Nc5+ 78. Kb8
Rb2+ 79. Kc8 Ra2 80. Kb8 Nd7+ 81. Kb7 g5 82. Bxg5 Rb2+ 83. Kc7 Nb6 84. Kb7 Ke4
85. Bd8 Na8+ 86. Kxa8 Kd5 87. Bc7 Kc6 88. Be5 Rb5 89. Bf4 Rf5 90. Bg3 Kb6 91.
Bc7+ Ka6 92. Bd6 Rf7 93. Bb8 Kb6 94. Bg3 Rxa7+ 95. Kb8 Rg7 96. Bf2+ Kc6 97. Ka8
Rg8+ 98. Ka7 Rg2 99. Be3 Re2 100. Bg1 Ra2+ 101. Kb8 Rb2+ 102. Ka8 Ra2+ 103. Kb8
Rb2+ 104. Ka8 Kc7 105. Ba7 Rb3 106. Bg1 Kc6 107. Ba7 Kb5 108. Bb8 Ra3+ 109. Kb7
Rf3 110. Ka8 Kb6 111. Ba7+ Ka6 112. Bb8 Rf7 113. Bg3 Rg7 114. Be5 Rg8+ 115. Bb8
1/2-1/2

[Event "Bay Area International"]
[Site "?"]
[Date "2014.01.05"]
[Round "5"]
[White "Wang, Michael"]
[Black "Aleskerov, Faik"]
[Result "0-1"]
[WhiteElo "2040"]
[BlackElo "2331"]
[PlyCount "52"]
[EventDate "2014.??.??"]

1. e4 g6 2. d4 Bg7 3. Nc3 d5 4. exd5 Nf6 5. Bc4 Nbd7 6. Nf3 Nb6 7. Bb3 Nbxd5 8.
Nxd5 Nxd5 9. O-O O-O 10. h3 b5 11. Bg5 a5 12. a4 bxa4 13. Bxa4 Bb7 14. Re1 c5
15. c4 h6 16. Bh4 g5 17. cxd5 gxh4 18. dxc5 Bxd5 19. Ne5 e6 20. Qg4 Rb8 21. Nd3
Kh8 22. Qf4 Bxg2 23. Rad1 Bd5 24. c6 Rg8 25. Kf1 Bg2+ 26. Ke2 e5 0-1

[Event "Bay Area International"]
[Site "?"]
[Date "2014.01.05"]
[Round "5"]
[White "Wheeler, Cameron"]
[Black "Jue, Wang"]
[Result "0-1"]
[WhiteElo "2192"]
[BlackElo "2396"]
[PlyCount "102"]
[EventDate "2014.??.??"]

1. c4 g6 2. g3 Bg7 3. Bg2 c5 4. Nc3 Nc6 5. Nf3 d6 6. O-O e6 7. e3 Nge7 8. d4
O-O 9. d5 Na5 10. Nd2 exd5 11. cxd5 a6 12. a4 c4 13. Ra3 Bd7 14. Nce4 Qb6 15.
Nf3 Nb3 16. Nfd2 Na5 17. Nf3 Rac8 18. Nc3 Nb3 19. e4 Nxc1 20. Qxc1 Qc5 21. a5
h6 22. Re1 Bg4 23. h3 Bxf3 24. Bxf3 g5 25. Bg4 Rc7 26. Bf5 Ng6 27. Bxg6 fxg6
28. Re2 Bd4 29. Qd2 Rcf7 30. Nd1 c3 31. Rxc3 Bxc3 32. Qxc3 Qxc3 33. Nxc3 Rc8
34. e5 dxe5 35. Rxe5 Rc5 36. Re8+ Kg7 37. Rd8 Rxa5 38. d6 Kf6 39. Ne4+ Ke6 40.
b4 Re5 41. Nc5+ Kd5 42. d7 Re1+ 43. Kg2 Re2 44. h4 g4 45. Nd3 Rd2 46. Nf4+ Kc6
47. Rg8 Rfxd7 48. Rxg6+ R7d6 49. Rxg4 R2d4 50. Rg8 Rxb4 51. h5 a5 0-1

[Event "Bay Area International"]
[Site "?"]
[Date "2014.01.05"]
[Round "6"]
[White "Abrahamyan, Tatev"]
[Black "Naroditsky, Daniel"]
[Result "0-1"]
[WhiteElo "2356"]
[BlackElo "2525"]
[PlyCount "56"]
[EventDate "2014.??.??"]

1. e4 c5 2. Nf3 d6 3. d4 cxd4 4. Nxd4 Nf6 5. Nc3 a6 6. f3 e5 7. Nb3 Be6 8. Be3
Be7 9. Qd2 O-O 10. O-O-O Nbd7 11. g4 b5 12. Rg1 Nb6 13. Na5 Qc7 14. g5 Nfd7 15.
h4 b4 16. Nd5 Nxd5 17. exd5 Qxa5 18. dxe6 Qxa2 19. Qxb4 Rab8 20. Qa3 Qxa3 21.
bxa3 fxe6 22. Bh3 Kf7 23. f4 d5 24. f5 Bxa3+ 25. Kd2 exf5 26. Bxf5 Ke7 27. Bxd7
Kxd7 28. Ra1 Bb2 0-1

[Event "Bay Area International"]
[Site "?"]
[Date "2014.01.05"]
[Round "6"]
[White "Aleskerov, Faik"]
[Black "Yanayt, Eugene"]
[Result "1-0"]
[WhiteElo "2331"]
[BlackElo "2223"]
[PlyCount "59"]
[EventDate "2014.??.??"]

1. e4 c5 2. Nc3 g6 3. f4 Bg7 4. Nf3 Nc6 5. Bc4 e6 6. f5 Nge7 7. fxe6 fxe6 8.
O-O O-O 9. d3 d5 10. Bb3 b5 11. Nxb5 Na5 12. Bg5 h6 13. Bh4 Ba6 14. exd5 Bxb5
15. Qe1 Bf6 16. d6 Nf5 17. Bxe6+ Kg7 18. Bxf5 gxf5 19. Bxf6+ Rxf6 20. Nh4 Bd7
21. Qc3 Kh7 22. Rae1 Be6 23. Rxf5 Rxf5 24. Nxf5 Bxf5 25. Re7+ Kg6 26. Qg7+ Kh5
27. g4+ Bxg4 28. Re5+ Qg5 29. Rxg5+ hxg5 30. Qh7# 1-0

[Event "Bay Area International"]
[Site "?"]
[Date "2014.01.05"]
[Round "6"]
[White "Betaneli, Alex"]
[Black "Anderson, Michael"]
[Result "1-0"]
[WhiteElo "2250"]
[BlackElo "1886"]
[PlyCount "57"]
[EventDate "2014.??.??"]

1. c4 f5 2. Nc3 Nf6 3. g3 g6 4. Bg2 Bg7 5. d3 d6 6. e4 c5 7. exf5 gxf5 8. Nge2
e5 9. O-O Nc6 10. Bg5 O-O 11. Qd2 Qe8 12. Nd5 Nxd5 13. cxd5 Nd4 14. Nxd4 exd4
15. Rae1 Qg6 16. Re7 h6 17. Bh4 f4 18. Be4 Qg4 19. f3 Qh5 20. Qf2 Bf6 21. Bxf6
Rxf6 22. g4 Qh3 23. Re1 Rf8 24. Bh7+ Kh8 25. Bg6 Rf6 26. Rh7+ Kg8 27. Re8+ Rf8
28. Rxf8+ Kxf8 29. Qe2 1-0

[Event "Bay Area International"]
[Site "?"]
[Date "2014.01.05"]
[Round "6"]
[White "Breckenridge, Steven"]
[Black "Mackenzie, Dana"]
[Result "1-0"]
[WhiteElo "2342"]
[BlackElo "2068"]
[PlyCount "63"]
[EventDate "2014.??.??"]

1. e4 e5 2. Nf3 Nc6 3. Bc4 Nf6 4. d3 Be7 5. Bb3 O-O 6. O-O d6 7. c3 b6 8. Re1
Bb7 9. Nbd2 Nd7 10. Nf1 Nc5 11. Bc2 Bf6 12. d4 Nd7 13. Ng3 Ne7 14. Nh5 Ng6 15.
h3 h6 16. Ng3 Bg5 17. Nxg5 hxg5 18. Nf5 d5 19. exd5 Bxd5 20. dxe5 Ndxe5 21. Qh5
Re8 22. Bxg5 Bf3 23. Bxd8 Bxh5 24. Bxc7 f6 25. Be4 Rac8 26. Nd6 Rxc7 27. Nxe8
Rd7 28. g4 Nh4 29. gxh5 Nhf3+ 30. Kf1 Nxe1 31. Rxe1 Kf8 32. h6 1-0

[Event "Bay Area International"]
[Site "?"]
[Date "2014.01.05"]
[Round "6"]
[White "Byambaa, Uyanga"]
[Black "Beilin, Allan"]
[Result "0-1"]
[WhiteElo "2028"]
[BlackElo "2054"]
[PlyCount "69"]
[EventDate "2014.??.??"]

1. e4 c5 2. Nf3 e6 3. d4 cxd4 4. Nxd4 Nc6 5. Nc3 Qc7 6. Be3 a6 7. Bd3 Nf6 8.
O-O b5 9. Kh1 Bb7 10. a3 h5 11. f4 Ng4 12. Bg1 Nxd4 13. Bxd4 Bc5 14. Bxc5 Qxc5
15. Qe2 g5 16. Rae1 gxf4 17. Rxf4 Qg5 18. Qf1 d6 19. h3 Ne5 20. Qf2 Rg8 21. Bf1
Bc6 22. Qh4 Ke7 23. Qxg5+ Rxg5 24. Rf2 h4 25. Rf4 Ng6 26. Rf2 e5 27. Be2 Nf4
28. Bf3 Rag8 29. Rd1 f5 30. Rdd2 Rg3 31. Kh2 fxe4 32. Nxe4 d5 33. Nc3 e4 34.
Bg4 e3 35. Rfe2 0-1

[Event "Bay Area International"]
[Site "?"]
[Date "2014.01.05"]
[Round "6"]
[White "Cao, Jason"]
[Black "Taghizadeh, Rayan"]
[Result "1/2-1/2"]
[WhiteElo "2151"]
[BlackElo "1967"]
[PlyCount "108"]
[EventDate "2014.??.??"]

1. e4 e5 2. Nf3 Nc6 3. Bb5 a6 4. Ba4 Nf6 5. O-O Be7 6. Re1 b5 7. Bb3 O-O 8. a4
b4 9. d3 d6 10. Nbd2 Na5 11. Ba2 Be6 12. c3 Bxa2 13. Rxa2 bxc3 14. bxc3 Rb8 15.
d4 Nd7 16. Qe2 Qc8 17. dxe5 Nxe5 18. Nxe5 dxe5 19. Nf3 Qe6 20. Rd2 Nc4 21. Rd5
c6 22. Rd3 Rb1 23. Red1 Rfb8 24. Qa2 h6 25. h3 Kh7 26. Ne1 R8b3 27. Qc2 Bc5 28.
Rd8 Bb6 29. Ra8 a5 30. Nf3 Qe7 31. Qe2 Qc5 32. Rf1 Rxc1 33. Rxc1 Rb2 34. Rc2
Qxf2+ 35. Qxf2 Rxc2 36. Qxb6 Nxb6 37. Rxa5 Ra2 38. Nxe5 Rxa4 39. Rxa4 Nxa4 40.
c4 f6 41. Nxc6 Nc5 42. e5 Kg6 43. Kf2 fxe5 44. Nxe5+ Kf5 45. Nc6 Ke4 46. Kg3
Kd3 47. Ne5+ Kc3 48. Kf4 Kb4 49. Nc6+ Kxc4 50. Kf5 Kd5 51. Nd8 Kd6 52. Kg6 Ke7
53. Nc6+ Kf8 54. Nd4 Kg8 1/2-1/2

[Event "Bay Area International"]
[Site "?"]
[Date "2014.01.05"]
[Round "6"]
[White "Chevannes, Sabrina"]
[Black "Klotz-Burwell, Hunter"]
[Result "1-0"]
[WhiteElo "2176"]
[BlackElo "2006"]
[PlyCount "63"]
[EventDate "2014.??.??"]

1. c4 Nf6 2. Nf3 e6 3. Nc3 d5 4. cxd5 exd5 5. d4 Be7 6. Bg5 c6 7. Qc2 O-O 8. e3
Nbd7 9. Bd3 h6 10. Bf4 b6 11. h3 Bb7 12. O-O Rc8 13. Bf5 c5 14. Rac1 a6 15. Ne5
c4 16. Qd1 b5 17. Nxd7 Nxd7 18. Bxh6 Rc6 19. Bf4 g6 20. Bc2 Rc8 21. Qf3 Nb6 22.
Qg4 Kg7 23. Be5+ Bf6 24. f4 Nd7 25. Ne2 Bxe5 26. fxe5 Rc6 27. Nf4 Rh8 28. Qf3
Nb6 29. Ne6+ Rxe6 30. Qxf7+ Kh6 31. Qxe6 Rg8 32. Rf6 1-0